Arsenal players that won the Premier League with the gunners - Statistics

General Stats
  • This quiz has been taken 10 times
  • The average score is 41 of 67
Answer Stats
Title(s) Answer % Correct
25/26 (1) David Raya
100%
25/26 (1) Declan Rice
100%
97/98 - 01/02 - 03/04 (3) Dennis Bergkamp
100%
25/26 (1) Gabriel
100%
25/26 (1) Gabriel Jesus
100%
25/26 (1) Kai Havertz
100%
25/26 (1) Leandro Trossard
100%
25/26 (1) Martin Ødegaard
100%
97/98 - 01/02 - 03/04 (3) Patrick Vieira
100%
01/02 - 03/04 (2) Thierry Henry
100%
25/26 (1) William Saliba
100%
25/26 (1) Bukayo Saka
90%
25/26 (1) Gabriel Martinelli
90%
25/26 (1) Mikel Merino
90%
01/02 - 03/04 (2) Robert Pires
90%
97/98 - 01/02 (2) Tony Adams
90%
01/02 - 03/04 (2) Ashley Cole
80%
25/26 (1) Ben White
80%
97/98 - 01/02 (2) David Seaman
80%
25/26 (1) Eberechi Eze
80%
01/02 - 03/04 (2) Freddie Ljungberg
80%
03/04 (1) Jens Lehmann
80%
25/26 (1) Jurriën Timber
80%
25/26 (1) Martín Zubimendi
80%
25/26 (1) Myles Lewis-Skelly
80%
25/26 (1) Noni Madueke
80%
25/26 (1) Piero Hincapié
80%
25/26 (1) Riccardo Calafiori
80%
25/26 (1) Viktor Gyökeres
80%
25/26 (1) Christian Nørgaard
70%
25/26 (1) Cristhian Mosquera
70%
25/26 (1) Kepa Arrizabalaga
70%
03/04 (1) Kolo Touré
70%
01/02 - 03/04 (2) Sol Campbell
70%
97/98 (1) Emmanuel Petit
60%
25/26 (1) Ethan Nwaneri
60%
01/02 - 03/04 (2) Lauren
60%
25/26 (1) Max Dowman
60%
97/98 (1) Nicolas Anelka
60%
01/02 - 03/04 (2) Sylvain Wiltord
60%
01/02 - 03/04 (2) Edu
50%
03/04 (1) Gaël Clichy
50%
97/98 (1) Ian Wright
50%
97/98 - 01/02 (2) Lee Dixon
50%
97/98 (1) Marc Overmars
50%
97/98 - 01/02 - 03/04 (3) Martin Keown
50%
01/02 (1) Richard Wright
50%
03/04 (1) Gilberto Silva
40%
03/04 (1) José Antonio Reyes
40%
01/02 - 03/04 (2) Nwankwo Kanu
40%
97/98 - 01/02 - 03/04 (3) Ray Parlour
40%
01/02 (1) Giovanni van Bronckhorst
30%
03/04 (1) Jérémie Aliadière
30%
97/98 (1) Nigel Winterburn
30%
97/98 (1) Steve Bould
30%
97/98 (1) Alex Manninger
20%
97/98 (1) Christopher Wreh
20%
97/98 (1) David Platt
20%
97/98 - 01/02 (2) Gilles Grimandi
20%
01/02 (1) Igors Stepanovs
20%
03/04 (1) Pascal Cygan
20%
97/98 (1) Rémi Garde
20%
97/98 (1) Luís Boa Morte
10%
01/02 (1) Matthew Upson
10%
97/98 (1) Stephen Hughes
10%
01/02 (1) Stuart Taylor
10%
01/02 (1) Oleh Luzhnyi
0%
No matching quizzes found
Score Distribution
Percent of People with Each Score
Percentile by Number Answered
Your Score History
You have not taken this quiz